[Event "ODJM B 2018"]
[Site "Willingen GER"]
[Date "2018.05.21"]
[Round "3"]
[White "Ljuca, Rijad"]
[Black "Stork, Christopher"]
[Result "0-1"]
[Termination "normal"]
[Board "31"]
[WhiteElo "1441"]
[BlackElo "1715"]
[PlyCount "98"]
[WhiteFideId "16216121"]
[BlackFideId "16215400"]
[EventCountry "GER"]
[EventRounds "9"]
[EventType "swiss"]
[EventDate "2018.05.19"]

1. e4 c5 2. Nf3 Nc6 3. d4 cxd4 4. Nxd4 g6 5. c4 Bg7 6. Nc2 Nf6 7. Nc3 O-O 8.
Be2 d6 9. O-O Bd7 10. Rb1 Rc8 11. b4 Ne5 12. Ne3 Be6 13. Qb3 a6 14. f4 Nc6 15.
Kh1 Nd4 16. Qd1 Nxe2 17. Qxe2 Qc7 18. Ncd5 Bxd5 19. Nxd5 Nxd5 20. cxd5 Qc4 21.
Re1 Bc3 22. Bd2 Qxa2 23. Bxc3 Qxe2 24. Rxe2 Rxc3 25. Kg1 Rfc8 26. b5 Rc1+ 27.
Rxc1 Rxc1+ 28. Kf2 axb5 29. Rb2 Rc5 30. Ke3 Kg7 31. Kd4 Kf6 32. g4 h6 33. h4
Kg7 34. Ra2 Rc4+ 35. Kd3 Ra4 36. Rb2 Ra3+ 37. Kd4 Rh3 38. h5 Rh4 39. hxg6 Kxg6
40. f5+ Kf6 41. Rxb5 Rxg4 42. Rxb7 Rg7 43. Rb2 h5 44. Rh2 Rh7 45. Rh1 h4 46.
Ke3 h3 47. Kf4 h2 48. Kf3 Ke5 49. Kg3 Kxe4 0-1

[Event "ODJM B 2018"]
[Site "Willingen GER"]
[Date "2018.05.21"]
[Round "3"]
[White "Bilecen, Simon"]
[Black "Kieselbach, Marvin"]
[Result "1-0"]
[Termination "normal"]
[Board "32"]
[WhiteElo "1580"]
[BlackElo "1440"]
[PlyCount "87"]
[WhiteFideId "16225511"]
[BlackFideId "16235770"]
[EventCountry "GER"]
[EventRounds "9"]
[EventType "swiss"]
[EventDate "2018.05.19"]

1. d4 Nf6 2. Nf3 d6 3. Bf4 Nbd7 4. e3 g6 5. Bd3 Bg7 6. h3 O-O 7. O-O a6 8. Nbd2
Nh5 9. Bh2 c5 10. c3 b5 11. Re1 f5 12. Be2 c4 13. Ng5 Ndf6 14. b3 h6 15. Ngf3
d5 16. Ne5 Kh7 17. g4 fxg4 18. hxg4 Ne4 19. Nxe4 Bxe5 20. Bxe5 dxe4 21. gxh5
gxh5 22. Bxh5 Rg8+ 23. Bg3 Rg5 24. Be2 Qd6 25. Kh2 Qe6 26. Bf1 Bd7 27. Bg2 Rag8
28. Qc2 Rg4 29. Rh1 h5 30. Kg1 h4 31. Kf1 R8g6 32. Bh3 hxg3 33. Bxg4+ Rh6 34.
Bxe6 Rxh1+ 35. Kg2 Rxa1 36. Bxd7 cxb3 37. axb3 gxf2 38. Kxf2 b4 39. Qxe4+ Kh6
40. Be8 Kg7 41. Qg6+ Kh8 42. Bf7 Ra2+ 43. Kf3 Rh2 44. Qg8# 1-0

[Event "ODJM B 2018"]
[Site "Willingen GER"]
[Date "2018.05.21"]
[Round "3"]
[White "Thumm, Niklas"]
[Black "Graf, Maria"]
[Result "1-0"]
[Termination "normal"]
[Board "33"]
[WhiteElo "1781"]
[BlackElo "1537"]
[PlyCount "73"]
[WhiteFideId "12918733"]
[BlackFideId "12917702"]
[EventCountry "GER"]
[EventRounds "9"]
[EventType "swiss"]
[EventDate "2018.05.19"]

1. Nc3 d5 2. e4 dxe4 3. Nxe4 Bf5 4. Ng3 Bg6 5. Nf3 Nf6 6. Bc4 Nbd7 7. d4 c6 8.
Nh4 e6 9. Nxg6 hxg6 10. c3 Bd6 11. Qd3 Nd5 12. Ne4 Be7 13. Bb3 Qc7 14. h3 N7f6
15. Bd2 O-O-O 16. Bc2 e5 17. g3 Rhe8 18. O-O-O exd4 19. Qxd4 Nxe4 20. Qxe4 Bc5
21. Qg4+ Kb8 22. Qf3 Re6 23. Rhf1 Rd7 24. a3 Rf6 25. Qg2 Re7 26. b4 Bd6 27. c4
Bxb4 28. axb4 Qe5 29. cxd5 Qa1+ 30. Bb1 Qa3+ 31. Kc2 Qa4+ 32. Kb2 Re2 33. Bc2
Qb5 34. dxc6 Rxc6 35. Qf3 Qe5+ 36. Bc3 Qe6 37. Qd5 1-0

[Event "ODJM B 2018"]
[Site "Willingen GER"]
[Date "2018.05.21"]
[Round "3"]
[White "Ewerhardy, Moritz"]
[Black "Reuter, Julian-Frank"]
[Result "0-1"]
[Termination "normal"]
[Board "34"]
[WhiteElo "1348"]
[BlackElo "1652"]
[PlyCount "74"]
[WhiteFideId "36052086"]
[BlackFideId "16256182"]
[EventCountry "GER"]
[EventRounds "9"]
[EventType "swiss"]
[EventDate "2018.05.19"]

1. d4 Nf6 2. c4 g6 3. Nc3 Bg7 4. e4 d6 5. Nf3 O-O 6. Be2 e5 7. d5 a5 8. O-O Na6
9. Be3 Nd7 10. a3 f5 11. exf5 gxf5 12. Qc2 Nf6 13. Rab1 Nc5 14. Bxc5 dxc5 15.
Nxe5 Ne4 16. Nxe4 fxe4 17. Ng4 Qh4 18. h3 Ra6 19. Rbe1 h5 20. Qxe4 hxg4 21.
Bxg4 Bxg4 22. Qxg4 Qxg4 23. hxg4 Bxb2 24. f4 Bxa3 25. Re7 Rf7 26. Re6 Rd6 27.
Re5 Bb2 28. Re8+ Kg7 29. f5 Rh6 30. g3 a4 31. g5 Rh5 32. g6 Rfxf5 33. Rxf5 Rxf5
34. Re2 a3 35. Re7+ Kxg6 36. Re6+ Rf6 37. Re4 a2 0-1

[Event "ODJM B 2018"]
[Site "Willingen GER"]
[Date "2018.05.21"]
[Round "3"]
[White "Maul, Maik"]
[Black "Schilay, Eva"]
[Result "0-1"]
[Termination "normal"]
[Board "35"]
[WhiteElo "1443"]
[BlackElo "1605"]
[PlyCount "112"]
[WhiteFideId "16204816"]
[BlackFideId "12930164"]
[EventCountry "GER"]
[EventRounds "9"]
[EventType "swiss"]
[EventDate "2018.05.19"]

1. e4 d6 2. d4 Nf6 3. Nc3 e5 4. dxe5 dxe5 5. Qxd8+ Kxd8 6. Bg5 Be6 7. Nf3 Nbd7
8. O-O-O Kc8 9. Bd3 Bb4 10. Bxf6 gxf6 11. Nd5 Bc5 12. Nd2 c6 13. Ne3 Rg8 14.
Ndc4 Kc7 15. Nf5 Bxf5 16. exf5 Bxf2 17. Rhf1 Bc5 18. g3 Rad8 19. c3 b5 20. Na5
Bb6 21. Nb3 a5 22. Kc2 a4 23. Nd2 Nc5 24. Ne4 Nxe4 25. Bxe4 Bc5 26. Rd3 Rxd3
27. Bxd3 Rg4 28. b3 axb3+ 29. axb3 Bb6 30. c4 b4 31. Ra1 e4 32. Be2 Rg5 33. Ra8
Rxf5 34. Rf8 Rf2 35. Kd2 Bd4 36. Rxf7+ Kd6 37. Rxh7 c5 38. h4 Rg2 39. g4 Rg3
40. h5 Rxb3 41. h6 Rh3 42. Rh8 Ke6 43. g5 fxg5 44. Bg4+ Kf7 45. Bxh3 Bxh8 46.
Bf5 Kf6 47. Bxe4 g4 48. Ke3 Kg5 49. Bb1 Bd4+ 50. Kd2 Kxh6 51. Be4 Kg5 52. Kd3
Kf4 53. Bh1 b3 54. Bg2 b2 55. Kc2 Ke3 56. Bh1 Kf2 0-1

[Event "ODJM B 2018"]
[Site "Willingen GER"]
[Date "2018.05.21"]
[Round "3"]
[White "Chlechowitz, Maximilian"]
[Black "Borgmann, Simon"]
[Result "1/2-1/2"]
[Termination "normal"]
[Board "36"]
[WhiteElo "1622"]
[BlackElo "1614"]
[PlyCount "44"]
[WhiteFideId "16222571"]
[BlackFideId "16234677"]
[EventCountry "GER"]
[EventRounds "9"]
[EventType "swiss"]
[EventDate "2018.05.19"]

1. d4 d5 2. Nf3 e6 3. e3 Nf6 4. Bd3 c5 5. c3 Nbd7 6. Nbd2 b6 7. dxc5 Nxc5 8.
Bb1 Bb7 9. O-O Bd6 10. Re1 Qc7 11. h3 Nce4 12. Nxe4 Nxe4 13. Nd2 O-O 14. Qc2 f5
15. Nxe4 dxe4 16. b3 Rad8 17. Bb2 Rf6 18. Rd1 Be5 19. Rxd8+ Qxd8 20. c4 Bxb2
21. Qxb2 Qd1+ 22. Kh2 Qd6+ 1/2-1/2

[Event "ODJM B 2018"]
[Site "Willingen GER"]
[Date "2018.05.21"]
[Round "3"]
[White "von Jan, Lena"]
[Black "Weber, Tom"]
[Result "1/2-1/2"]
[Termination "normal"]
[Board "38"]
[WhiteElo "1480"]
[BlackElo "1433"]
[PlyCount "64"]
[WhiteFideId "12946060"]
[BlackFideId "16266064"]
[EventCountry "GER"]
[EventRounds "9"]
[EventType "swiss"]
[EventDate "2018.05.19"]

1. e4 c5 2. Nf3 Nc6 3. Bb5 g6 4. Nc3 Bg7 5. Bxc6 bxc6 6. d3 d6 7. Ne2 Bg4 8.
Ng3 d5 9. h3 dxe4 10. Nxe4 Bxf3 11. Qxf3 c4 12. Nd2 Qd5 13. Qxd5 cxd5 14. dxc4
Rc8 15. c3 dxc4 16. O-O e6 17. Re1 Ne7 18. Re4 Rd8 19. Rxc4 Bh6 20. Nb3 Bg7 21.
Be3 Rd7 22. Ra4 Nc6 23. Ra6 Rc7 24. Na5 Nxa5 25. Rxa5 Rxc3 26. bxc3 Bxc3 27.
Rxa7 Bxa1 28. Ra8+ Kd7 29. Rxh8 Bxh8 30. Bc5 Kc6 31. Bb4 Kb5 32. Be7 f5 1/2-1/2

[Event "ODJM B 2018"]
[Site "Willingen GER"]
[Date "2018.05.21"]
[Round "3"]
[White "Bock, Marlon"]
[Black "Seinsoth, Paul"]
[Result "0-1"]
[Termination "normal"]
[Board "39"]
[WhiteElo "1346"]
[BlackElo "1482"]
[PlyCount "108"]
[WhiteFideId "16244931"]
[BlackFideId "12994634"]
[EventCountry "GER"]
[EventRounds "9"]
[EventType "swiss"]
[EventDate "2018.05.19"]

1. d4 Nf6 2. Nf3 e6 3. e3 b6 4. Bd3 Bb7 5. Nbd2 Be7 6. b3 O-O 7. O-O d5 8. Bb2
Nbd7 9. Ne5 c5 10. c4 Qc7 11. Qc2 Bd6 12. f4 h6 13. Ndf3 Rac8 14. Rac1 Ne4 15.
Rfd1 Ndf6 16. Qb1 Qe7 17. Nd2 Rfd8 18. Bxe4 dxe4 19. Nf1 cxd4 20. exd4 Nh5 21.
g3 f5 22. Ne3 Bxe5 23. dxe5 Qc5 24. Kf2 g5 25. Bd4 Qe7 26. Rd2 gxf4 27. Ng2 e3+
28. Nxe3 fxe3+ 29. Bxe3 Rxd2+ 30. Bxd2 Qc5+ 31. Be3 Qxe5 32. Rd1 Qg7 33. Qd3
Nf6 34. Bd4 Rd8 35. Qe2 Ne4+ 36. Ke3 Qg5+ 37. Kd3 e5 38. Kc2 Rxd4 39. Rxd4 exd4
40. c5 Qd2+ 41. Qxd2 Nxd2 42. Kxd2 bxc5 43. Kd3 Ba6+ 44. Kd2 Kf7 45. a3 Ke6 46.
Kd1 Ke5 47. Kd2 Ke4 48. b4 cxb4 49. axb4 Kf3 50. Ke1 d3 51. b5 Bxb5 52. Kd1 Ke3
53. Ke1 d2+ 54. Kd1 Ba4# 0-1

[Event "ODJM B 2018"]
[Site "Willingen GER"]
[Date "2018.05.21"]
[Round "3"]
[White "Seliokaite, Ana"]
[Black "Silber, Stefanie"]
[Result "1/2-1/2"]
[Termination "normal"]
[Board "40"]
[WhiteElo "1305"]
[BlackElo "1685"]
[PlyCount "115"]
[WhiteFideId "16224817"]
[BlackFideId "12918245"]
[EventCountry "GER"]
[EventRounds "9"]
[EventType "swiss"]
[EventDate "2018.05.19"]

1. e4 c6 2. Nc3 d5 3. Nf3 dxe4 4. Nxe4 Bg4 5. h3 Bh5 6. Ng3 Bg6 7. h4 Nf6 8. h5
Be4 9. Nxe4 Nxe4 10. Bc4 e6 11. d4 Bd6 12. Qe2 Bb4+ 13. Bd2 Nxd2 14. Nxd2 Nd7
15. O-O-O Qe7 16. c3 Bd6 17. Ne4 b5 18. Bd3 O-O 19. g4 Bf4+ 20. Kb1 b4 21. Qf3
e5 22. dxe5 Bxe5 23. Bc4 bxc3 24. Nxc3 Rab8 25. Bb3 Nc5 26. Ne4 Nxb3 27. axb3
Qb4 28. Rd3 a5 29. Rc1 Rfd8 30. Rxd8+ Rxd8 31. Rxc6 a4 32. Rc4 Qe1+ 33. Rc1 Qb4
34. Rc4 Qe1+ 35. Rc1 Qb4 36. Rc4 Qxb3 37. Qxb3 axb3 38. Nc3 h6 39. f4 Bf6 40.
Rb4 Bxc3 41. bxc3 Rd1+ 42. Kb2 Rg1 43. f5 g6 44. fxg6 fxg6 45. hxg6 Kg7 46.
Kxb3 Kxg6 47. Rd4 Kg5 48. c4 Rxg4 49. Rxg4+ Kxg4 50. c5 Kf5 51. Kb4 Ke6 52. Kb5
Kd7 53. Kc4 h5 54. Kd3 h4 55. Ke3 h3 56. Kf2 Kc6 57. Kg3 Kxc5 58. Kxh3 1/2-1/2

[Event "ODJM B 2018"]
[Site "Willingen GER"]
[Date "2018.05.21"]
[Round "3"]
[White "Huppert, Anna"]
[Black "Leßmann, Sönke"]
[Result "1/2-1/2"]
[Termination "normal"]
[Board "41"]
[WhiteElo "1371"]
[BlackElo "1656"]
[PlyCount "138"]
[WhiteFideId "16214439"]
[BlackFideId "16222520"]
[EventCountry "GER"]
[EventRounds "9"]
[EventType "swiss"]
[EventDate "2018.05.19"]

1. e4 e5 2. Nf3 d6 3. Bc4 Be7 4. Nc3 Nf6 5. d4 Nbd7 6. dxe5 dxe5 7. Be3 c6 8.
Bb3 O-O 9. O-O Bb4 10. Bg5 Qc7 11. Qe2 h6 12. Bh4 b6 13. Rad1 Bb7 14. Qe3 a5
15. a4 Ba6 16. Rfe1 Bc5 17. Qd2 Rad8 18. Qc1 Bb4 19. Re3 Rc8 20. Na2 Bc5 21.
Ree1 Nh5 22. c3 Ndf6 23. Bc2 Rfd8 24. b4 Rxd1 25. Qxd1 Rd8 26. Qb1 Be7 27. Rd1
Rxd1+ 28. Qxd1 Bc4 29. Bb3 Bxb3 30. Qxb3 Nxe4 31. Bxe7 Qxe7 32. c4 Qd6 33. g3
Nhf6 34. bxa5 bxa5 35. Nc3 Qd3 36. Qb8+ Kh7 37. Nxe4 Qxe4 38. Nxe5 Qe1+ 39. Kg2
Ne4 40. Qb2 Nd2 41. g4 Qe4+ 42. Kg3 Nf1+ 43. Kh3 Qh1 44. f4 Qe4 45. Qf2 Ne3 46.
Nxc6 Nxc4 47. Ne5 Nxe5 48. fxe5 Qxe5 49. Qxf7 Qe3+ 50. Kg2 Qe4+ 51. Qf3 Qxa4
52. Qf5+ Kg8 53. Qe6+ Kh8 54. Qc8+ Kh7 55. Qf5+ Kg8 56. Qe6+ Kf8 57. Qd6+ Ke8
58. Qe6+ Kd8 59. Qb6+ Kd7 60. Qa7+ Kd6 61. Qb8+ Kc5 62. Qf8+ Kb5 63. Qe8+ Kb4
64. Qe4+ Ka3 65. Qe7+ Kb2 66. Qxg7+ Kc1 67. Qxh6+ Kb1 68. Qb6+ Kc1 69. Qe3+ Kc2
1/2-1/2

[Event "ODJM B 2018"]
[Site "Willingen GER"]
[Date "2018.05.21"]
[Round "3"]
[White "Zell, Hannah"]
[Black "Schmidt, Pauline"]
[Result "0-1"]
[Termination "normal"]
[Board "42"]
[WhiteElo "1547"]
[BlackElo "1311"]
[PlyCount "124"]
[WhiteFideId "16208900"]
[BlackFideId "16209850"]
[EventCountry "GER"]
[EventRounds "9"]
[EventType "swiss"]
[EventDate "2018.05.19"]

1. e4 c5 2. c4 Nc6 3. Nc3 g6 4. g3 Bg7 5. Bg2 e6 6. d3 Nge7 7. Nge2 O-O 8. O-O
d6 9. Rb1 Bd7 10. a3 a5 11. Be3 Qc7 12. f4 f5 13. Qc1 Nd4 14. Bxd4 cxd4 15. Na2
Rac8 16. Qd2 e5 17. b4 axb4 18. axb4 b5 19. Rfc1 Qa7 20. fxe5 dxe5 21. c5 Be6
22. Rc2 Nc6 23. Nac1 Qf7 24. Bh3 fxe4 25. Bxe6 Qxe6 26. dxe4 Qh3 27. Nd3 Bh6
28. Qd1 Be3+ 29. Kh1 Nxb4 30. Nxb4 Rf2 31. Qg1 Rxe2 32. Rxe2 Bxg1 33. Kxg1 Rxc5
34. Nd3 Rc3 35. Nxe5 d3 36. Rd2 Rc2 37. Rbd1 Qh6 38. Nf3 Qe3+ 39. Kg2 Qxe4 40.
h3 b4 41. g4 Qf4 42. Rf2 Qe3 43. Rfd2 b3 44. Kg3 Rxd2 45. Rxd2 Kf7 46. Rb2 Qb6
47. Kg2 d2 48. Nxd2 Qd4 49. Rxb3 Qxd2+ 50. Kg3 Qd6+ 51. Kf2 Qh2+ 52. Kf1 Ke6
53. Rf3 Ke5 54. Ra3 Kf4 55. Ra4+ Kg3 56. Ra3+ Kh4 57. Rf3 Qxh3+ 58. Rxh3+ Kxh3
59. Kg1 Kxg4 60. Kg2 g5 61. Kg1 Kg3 62. Kh1 Kf2 0-1

[Event "ODJM B 2018"]
[Site "Willingen GER"]
[Date "2018.05.21"]
[Round "3"]
[White "Limberg, Thomas"]
[Black "Frank, Cillian"]
[Result "1-0"]
[Termination "normal"]
[Board "43"]
[WhiteElo "1647"]
[BlackElo "1339"]
[PlyCount "67"]
[WhiteFideId "16226755"]
[BlackFideId "16245202"]
[EventCountry "GER"]
[EventRounds "9"]
[EventType "swiss"]
[EventDate "2018.05.19"]

1. d4 c5 2. Nf3 Nf6 3. c4 e6 4. g3 Nc6 5. Bg2 d6 6. O-O Be7 7. Nc3 O-O 8. e4
Qc7 9. b3 Rd8 10. d5 Ne5 11. Nxe5 dxe5 12. Qe2 a6 13. Bb2 Ng4 14. Qxg4 exd5 15.
Qe2 d4 16. Nd5 Qd6 17. Nxe7+ Qxe7 18. Rad1 Bd7 19. f4 b5 20. fxe5 Qxe5 21. Bc1
bxc4 22. bxc4 Ba4 23. Rd3 g6 24. Qf2 Rd7 25. Qf6 Qxf6 26. Rxf6 Bc2 27. Rd2 d3
28. Rc6 Rb8 29. Kf2 Rb1 30. Ba3 Rd1 31. Rxd1 Bxd1 32. Ke1 Ba4 33. Rc8+ Kg7 34.
Kd2 1-0

[Event "ODJM B 2018"]
[Site "Willingen GER"]
[Date "2018.05.21"]
[Round "3"]
[White "Hövert, Kai"]
[Black "Riegler, Moritz"]
[Result "1/2-1/2"]
[Termination "normal"]
[Board "44"]
[WhiteElo "1471"]
[BlackElo "1606"]
[PlyCount "90"]
[WhiteFideId "16266056"]
[BlackFideId "16266030"]
[EventCountry "GER"]
[EventRounds "9"]
[EventType "swiss"]
[EventDate "2018.05.19"]

1. e4 e6 2. d4 d5 3. exd5 exd5 4. Bd3 Bd6 5. Ne2 Ne7 6. Bf4 O-O 7. O-O Bf5 8.
Re1 Bxd3 9. Qxd3 Ng6 10. Bxd6 Qxd6 11. Nd2 Nd7 12. c3 Nf6 13. f3 Nh5 14. Nf1 f5
15. Nfg3 Nxg3 16. Nxg3 f4 17. Nf1 Rae8 18. Re2 Rxe2 19. Qxe2 Nh4 20. Re1 c6 21.
Qe7 Nf5 22. Qxd6 Nxd6 23. Re7 Rf7 24. Rxf7 Kxf7 25. Nd2 Nf5 26. Nf1 Ke6 27. Kf2
b6 28. g4 fxg3+ 29. hxg3 Nd6 30. Ne3 Nc4 31. Nxc4 dxc4 32. b4 cxb3 33. axb3 a5
34. Ke3 h5 35. f4 b5 36. Kd3 Kf5 37. c4 a4 38. Kc3 Ke4 39. d5 cxd5 40. cxb5 d4+
41. Kb2 Ke3 42. bxa4 d3 43. b6 d2 44. b7 d1=Q 45. b8=Q Qxa4 1/2-1/2

[Event "ODJM B 2018"]
[Site "Willingen GER"]
[Date "2018.05.21"]
[Round "3"]
[White "Johlke, Lorenz"]
[Black "Mainka, Alwin"]
[Result "1-0"]
[Termination "normal"]
[Board "45"]
[WhiteElo "1456"]
[BlackElo "1608"]
[PlyCount "35"]
[WhiteFideId "16252853"]
[BlackFideId "16241177"]
[EventCountry "GER"]
[EventRounds "9"]
[EventType "swiss"]
[EventDate "2018.05.19"]

1. e4 e5 2. f4 d5 3. exd5 e4 4. Nc3 Nf6 5. d3 Bb4 6. dxe4 Bxc3+ 7. bxc3 Nxe4 8.
Qd4 O-O 9. Bb5 Qh4+ 10. Kf1 Ng3+ 11. hxg3 Qxh1 12. Ba3 Bd7 13. Bxf8 Kxf8 14.
Qc5+ Kg8 15. Re1 Qh5 16. Bxd7 Nxd7 17. Qb5 Rd8 18. Qxd7 1-0

[Event "ODJM B 2018"]
[Site "Willingen GER"]
[Date "2018.05.21"]
[Round "3"]
[White "Hoppe, Nico"]
[Black "Färber, Sophie"]
[Result "1-0"]
[Termination "normal"]
[Board "46"]
[WhiteElo "1612"]
[BlackElo "1421"]
[PlyCount "31"]
[WhiteFideId "16225520"]
[BlackFideId "16239121"]
[EventCountry "GER"]
[EventRounds "9"]
[EventType "swiss"]
[EventDate "2018.05.19"]

1. e4 e5 2. Nf3 Nc6 3. Bc4 Bc5 4. O-O d6 5. c3 Bb6 6. d3 Bg4 7. Nbd2 Nge7 8.
Bxf7+ Kxf7 9. Ng5+ Ke8 10. Qxg4 h5 11. Qf3 Qc8 12. Qf7+ Kd8 13. Qe6 Ke8 14. Nc4
Rg8 15. a4 Na5 16. Nxa5 1-0

[Event "ODJM B 2018"]
[Site "Willingen GER"]
[Date "2018.05.21"]
[Round "3"]
[White "Kögel, Josef"]
[Black "Ramien, Hannah"]
[Result "1-0"]
[Termination "normal"]
[Board "48"]
[WhiteElo "1527"]
[BlackElo "1274"]
[PlyCount "65"]
[WhiteFideId "16237641"]
[BlackFideId "16209982"]
[EventCountry "GER"]
[EventRounds "9"]
[EventType "swiss"]
[EventDate "2018.05.19"]

1. d4 d5 2. c4 e6 3. cxd5 exd5 4. Nc3 Nf6 5. Bg5 Bb4 6. Qc2 Nc6 7. e3 h6 8. Bh4
a6 9. Bd3 Be6 10. Nge2 Bd6 11. a3 b5 12. Nxb5 axb5 13. Qxc6+ Bd7 14. Qc2 b4 15.
a4 g5 16. Bg3 Be7 17. Bxc7 Qc8 18. b3 Ra7 19. Be5 Qxc2 20. Bxc2 O-O 21. O-O Re8
22. Rac1 Kg7 23. h3 Bd8 24. Ng3 Ra6 25. Nf5+ Bxf5 26. Bxf5 Ra7 27. Rc5 Bb6 28.
Rxd5 Bd8 29. Rb5 Be7 30. Rc1 Kf8 31. Rc6 Ng8 32. d5 f6 33. Bg3 1-0

[Event "ODJM B 2018"]
[Site "Willingen GER"]
[Date "2018.05.21"]
[Round "3"]
[White "Johlke, Lukas"]
[Black "Tran, Minh Dat"]
[Result "1/2-1/2"]
[Termination "normal"]
[Board "49"]
[WhiteElo "1529"]
[BlackElo "1400"]
[PlyCount "39"]
[WhiteFideId "16252861"]
[BlackFideId "16244702"]
[EventCountry "GER"]
[EventRounds "9"]
[EventType "swiss"]
[EventDate "2018.05.19"]

1. e4 c5 2. Nf3 Nc6 3. Bb5 Nd4 4. Nxd4 cxd4 5. O-O a6 6. Ba4 b5 7. Bb3 e6 8.
Re1 Bc5 9. d3 Ne7 10. c3 O-O 11. Bd2 Ng6 12. cxd4 Bxd4 13. Bc3 Bxc3 14. Nxc3
Bb7 15. Qd2 Qf6 16. d4 d6 17. Re2 Rfd8 18. Rae1 b4 19. Na4 a5 20. Nb6 1/2-1/2

[Event "ODJM B 2018"]
[Site "Willingen GER"]
[Date "2018.05.21"]
[Round "3"]
[White "Waligora, Franciszek"]
[Black "Rothenberg, Nina"]
[Result "1/2-1/2"]
[Termination "normal"]
[Board "50"]
[WhiteElo "1374"]
[BlackElo "1678"]
[PlyCount "58"]
[WhiteFideId "4005120"]
[BlackFideId "16208943"]
[EventCountry "GER"]
[EventRounds "9"]
[EventType "swiss"]
[EventDate "2018.05.19"]

1. e4 e6 2. d4 d5 3. Nc3 Nf6 4. exd5 exd5 5. Bd3 c5 6. dxc5 Bxc5 7. Nf3 Nc6 8.
O-O O-O 9. Bg5 Be6 10. Re1 a6 11. Qd2 d4 12. Ne4 Nxe4 13. Rxe4 Qd7 14. Rae1
Rfe8 15. Ne5 Qd6 16. Bf4 Nxe5 17. Bxe5 Qe7 18. Bxd4 Bxd4 19. Rxd4 Qf6 20. Rb4
b5 21. a4 bxa4 22. Rxa4 Qxb2 23. Rxa6 Rac8 24. h3 Red8 25. Qe3 g6 26. Ra4 Qc3
27. Qe2 Re8 28. Re4 Bd7 29. Qd1 Rxe4 1/2-1/2

[Event "ODJM B 2018"]
[Site "Willingen GER"]
[Date "2018.05.21"]
[Round "3"]
[White "Hoke, Joshua Sky"]
[Black "Lange, Malina"]
[Result "0-1"]
[Termination "normal"]
[Board "51"]
[WhiteElo "1620"]
[BlackElo "1531"]
[PlyCount "102"]
[WhiteFideId "16218272"]
[BlackFideId "16228952"]
[EventCountry "GER"]
[EventRounds "9"]
[EventType "swiss"]
[EventDate "2018.05.19"]

1. e4 e5 2. Nf3 Nc6 3. Bb5 a6 4. Ba4 Nf6 5. O-O b5 6. Bb3 Bc5 7. Re1 O-O 8. c3
d6 9. d4 Bb6 10. h3 Bd7 11. Bg5 h6 12. Bh4 Re8 13. d5 Na5 14. Bc2 c6 15. Nbd2
g5 16. dxc6 Bxc6 17. Bg3 Qc7 18. Nh2 h5 19. Nhf3 h4 20. Bh2 Nh7 21. Nf1 f6 22.
Ne3 Bxe3 23. Rxe3 Nc4 24. Bb3 Kg7 25. Bxc4 bxc4 26. Nd2 d5 27. exd5 Bxd5 28.
Ne4 Red8 29. Qc2 Rab8 30. f3 Qb6 31. Kf2 Qxb2 32. Qxb2 Rxb2+ 33. Re2 Rxe2+ 34.
Kxe2 Bxe4 35. fxe4 Rb8 36. Rd1 Rb2+ 37. Kf3 Rc2 38. Rd7+ Kg6 39. Bg1 Rxc3+ 40.
Be3 Rd3 41. Rc7 Rc3 42. a4 Nf8 43. Rc6 a5 44. Ra6 Rb3 45. Rxa5 Ne6 46. Kf2 c3
47. Rb5 Ra3 48. a5 c2 49. Bc1 Ra1 50. a6 Rxc1 51. a7 Ra1 0-1

[Event "ODJM B 2018"]
[Site "Willingen GER"]
[Date "2018.05.21"]
[Round "3"]
[White "Lilienthal, Niels Bennett"]
[Black "Brunner, Alexander"]
[Result "1-0"]
[Termination "normal"]
[Board "52"]
[WhiteElo "1723"]
[BlackElo "1596"]
[PlyCount "41"]
[WhiteFideId "16205421"]
[BlackFideId "12965278"]
[EventCountry "GER"]
[EventRounds "9"]
[EventType "swiss"]
[EventDate "2018.05.19"]

1. c4 e5 2. g3 d6 3. Bg2 Nc6 4. Nc3 Bg4 5. Nf3 Qd7 6. a3 Bh3 7. O-O h5 8. d4
exd4 9. Nxd4 h4 10. Nxc6 Bxg2 11. Kxg2 hxg3 12. fxg3 Qxc6+ 13. Qd5 Qxd5+ 14.
Nxd5 O-O-O 15. Rxf7 c6 16. Nc3 Nh6 17. Bxh6 Rxh6 18. Raf1 Rh8 19. b4 d5 20.
cxd5 cxd5 21. Nxd5 1-0

[Event "ODJM B 2018"]
[Site "Willingen GER"]
[Date "2018.05.21"]
[Round "3"]
[White "Toth, Marc"]
[Black "Bardorz, Stefan"]
[Result "0-1"]
[Termination "normal"]
[Board "53"]
[WhiteElo "1434"]
[BlackElo "1714"]
[PlyCount "112"]
[WhiteFideId "16260210"]
[BlackFideId "16245474"]
[EventCountry "GER"]
[EventRounds "9"]
[EventType "swiss"]
[EventDate "2018.05.19"]

1. e4 e5 2. Nf3 Nc6 3. Bc4 Bc5 4. d3 Nf6 5. Be3 Bb6 6. Nc3 d6 7. O-O Bg4 8. h3
Bh5 9. Nd5 Nxd5 10. Bxd5 O-O 11. c3 Kh8 12. g4 Bg6 13. Nd2 Qh4 14. Kg2 Nd8 15.
Nc4 Bxe3 16. Nxe3 c6 17. Bb3 Ne6 18. Bxe6 fxe6 19. Nc4 b5 20. Ne3 Rf7 21. Qe2
Raf8 22. f3 d5 23. Rad1 Qg5 24. Nc2 a5 25. Qe3 Rf4 26. Kh2 Qh4 27. Ne1 Rxg4 28.
fxg4 Rxf1 29. Ng2 Qf2 30. Rxf1 Qxf1 31. exd5 exd5 32. Qxe5 h6 33. Qf4 Qxd3 34.
Qf2 Qc2 35. Kg3 Qxf2+ 36. Kxf2 Kg8 37. Ke3 Kf7 38. Kd4 Kf6 39. Kc5 Be8 40. Kd4
Ke6 41. b3 Kd6 42. a3 c5+ 43. Kd3 Ke5 44. Ke3 d4+ 45. Kd3 Bg6+ 46. Kd2 Ke4 47.
cxd4 cxd4 48. Ne1 Kf4 49. Nc2 Bxc2 50. Kxc2 Ke3 51. Kd1 Kd3 52. h4 g5 53. h5
Kc3 54. a4 b4 55. Kc1 d3 56. Kd1 d2 0-1

[Event "ODJM B 2018"]
[Site "Willingen GER"]
[Date "2018.05.21"]
[Round "3"]
[White "Schulze, Lukas"]
[Black "Götz, Timon"]
[Result "1-0"]
[Termination "normal"]
[Board "54"]
[WhiteElo "1502"]
[BlackElo "1413"]
[PlyCount "93"]
[WhiteFideId "12956856"]
[BlackFideId "16245040"]
[EventCountry "GER"]
[EventRounds "9"]
[EventType "swiss"]
[EventDate "2018.05.19"]

1. Nf3 c5 2. c4 Nf6 3. g3 b6 4. Bg2 Bb7 5. O-O g6 6. Nc3 Bg7 7. b3 d6 8. Bb2
Nbd7 9. d4 cxd4 10. Nxd4 Bxg2 11. Kxg2 Rc8 12. Qd3 a6 13. Rad1 O-O 14. Ne4 Nxe4
15. Qxe4 Nf6 16. Qf3 Rc7 17. Rd3 Qb8 18. Kg1 Rfc8 19. a4 Nd7 20. Rb1 Ne5 21.
Qe3 Nxd3 22. exd3 e6 23. h4 Re8 24. Qf3 Qd8 25. h5 e5 26. Nc6 Qd7 27. Nb4 Qc8
28. h6 Bxh6 29. Nd5 Bg7 30. Nxc7 Qxc7 31. Re1 Qd7 32. Kg2 b5 33. axb5 axb5 34.
Qd5 bxc4 35. dxc4 Qc7 36. Ba3 Bf8 37. Rd1 Re6 38. b4 Qa7 39. Rd3 Qc7 40. b5 Qb6
41. Qc6 Qb8 42. b6 d5 43. Qxd5 Rxb6 44. Qd8 Kg7 45. Bxf8+ Kg8 46. Bh6+ Qxd8 47.
Rxd8# 1-0

[Event "ODJM B 2018"]
[Site "Willingen GER"]
[Date "2018.05.21"]
[Round "3"]
[White "Hierl, Johannes"]
[Black "Peglau, Sarah"]
[Result "0-1"]
[Termination "normal"]
[Board "55"]
[WhiteElo "1355"]
[BlackElo "1315"]
[PlyCount "86"]
[WhiteFideId "16235096"]
[BlackFideId "16219961"]
[EventCountry "GER"]
[EventRounds "9"]
[EventType "swiss"]
[EventDate "2018.05.19"]

1. e4 c5 2. Nc3 d6 3. g3 g6 4. Bg2 Bg7 5. d3 Nc6 6. Be3 Qa5 7. Qd2 Qb4 8. Rb1
Be6 9. a3 Qa5 10. Nge2 Nf6 11. Bh6 O-O 12. Bxg7 Kxg7 13. O-O d5 14. Rfd1 Rfd8
15. Nf4 d4 16. Nxe6+ fxe6 17. Ne2 Qxd2 18. Rxd2 e5 19. h3 b5 20. f4 Nd7 21.
fxe5 Ndxe5 22. Nf4 Rd6 23. Rf2 c4 24. Rc1 g5 25. Nd5 cxd3 26. Nb4 Nxb4 27. axb4
Rc8 28. Bf1 Rxc2 29. Rcxc2 dxc2 30. Rxc2 d3 31. Rc1 Nc4 32. Rd1 Nxb2 33. Rd2
Kf6 34. Kf2 Rd4 35. Rxb2 d2 36. Be2 d1=Q 37. Bxd1 Rxd1 38. Ra2 Rd4 39. Kf3 Rxb4
40. Rxa7 Rb3+ 41. Ke2 Rxg3 42. Rb7 Rb3 43. Rb6+ e6 0-1